00445cam a22001217a 4500008004000000082001700040100002200057245008700079260005700166300001000223440006200233650002800295180718b1965 xxu||||| |||| 00| 0 eng d aT441x73 T482 aKessel, Reuben A. aThe cyclical behavior of the term structure of interest ratescby Reuben A. Kessel aNew YorkbNational Bureau of Economic Researchc1965 a113p. aNational Bureau of Economic Research Occasional Paper, 91 aInterest Rates - U.S.A.